000 00523nam a2200181Ia 4500
003 GCL
008 140319s9999 xx 000 0 eng d
040 _aGCL /
_cGCL
082 0 4 _a005.133
_bG S
100 1 _aGOTTFRIED, BYRON S.
245 1 0 _aSCHAUM'S OUTLINE OF THEORY AND PROBLEMS OF PROGRAMMING, 2ND ED. /
_cGOTTFRIED, BYRON S.
260 _a[S.N] :
_bMC GRAW - HILL ،
_c1994
300 _a428 P
650 0 4 _aPROGRAMMING
650 0 4 _aBASIC (COMPUTER PROGRAM LANGUAGE )
650 0 4 _aCOMPUTING
942 _2ddc
_cBK
999 _c21206
_d21206